000 00454nam a2200181Ia 4500
001 22645
005 20260414150844.0
008 260414t2003||||xx |||||||||||||| ||spa||
041 _aESP
082 _a621.3824
_bLL74
100 _aLlinares Llopis, Raúl
_eAUT
245 0 _aIniciación a las señales discretas con MATLAB
_b
260 _c2003
300 _a201 páginas :
_c24 cm.
650 _aTCA
654 _aCET
942 _cLIB
_dJUS
_fJUS
_2ddc
_n
999 _c22645
_d22645